Megtaláltuk Barna Lajost! A pretóriai nagykövetségen jelentkezett /

Elmentve itt :
Bibliográfiai részletek
Szerző: Fekete Sándor
Dokumentumtípus: Cikk
Megjelent: 1993-09-16
Sorozat:Délmagyarország 83 No. 216
Kulcsszavak:Barna Lajos
Online Access:http://dmarchiv.bibl.u-szeged.hu/91745
LEADER 00498nab a2200157 i 4500
001 delm91745
005 20191004133045.0
008 191004s1993 hu o 0|| hun d
040 |a SZTE Délmagyarország Archívum  |b hun 
041 |a hun 
100 1 |a Fekete Sándor, 
245 1 0 |a Megtaláltuk Barna Lajost!   |h [elektronikus dokumentum] :  |b A pretóriai nagykövetségen jelentkezett /  |c V. Fekete Sándor, 
260 |c 1993-09-16 
300 |a 1, 3 
490 0 |a Délmagyarország  |v 83 No. 216 
695 |a Barna Lajos